000 00312nam a2200133Ia 4500
008 200103s9999||||xx |||||||||||||| ||und||
040 _aIMU-MPC
082 _aColumn-31
100 _aCox, Glen N.
245 0 _aEngineering Mechanics
260 _bD. Van Nostrand Company
_c1946
300 _aix, 301
942 _cBK
999 _c7441
_d7441